| 000 | 00627nam a2200193 a 4500 | ||
|---|---|---|---|
| 005 | 20251205064006.0 | ||
| 008 | 991125s1991 pro 000 0 spa u | ||
| 035 | _aUPN01000055233 | ||
| 049 | _aF | ||
| 050 | 4 |
_aLB1027 _bT6.8 |
|
| 100 | 1 | _aTorres, Carlos Daniel | |
| 245 | 1 | 3 |
_aEl taller : _buna propuesta metodólogica / _cCarlos Daniel Torres, |
| 260 |
_aProvincia del Chaco, Arg : _bConsejo General de Educación, _c1991. |
||
| 300 |
_a31 p. : _bil. |
||
| 440 | 0 |
_aCircular técnica ; _v3 |
|
| 650 | 4 |
_aAprendizaje mediante descubrimiento _97609 |
|
| 650 | 4 |
_aEDUCACION - _xINNOVACIONES - _zARGENTINA _916681 |
|
| 905 | _aLibro | ||
| 999 |
_c55233 _d55233 |
||